Statistics for NBA Top 10 Players Regular Season Performance All-Time

Click here to take the quiz!

General Stats

  • This quiz has been taken 202 times
  • The average score is 10 of 14

Answer Stats

PlayerPerformance% Correct
Michael Jordan1989-90, vs Cavs, 69 Pts, 18 Reb, 6 Ast, 4 Stl
97%
Kobe Bryant2005-06, vs Raptors, 81 Pts, FG: 28/46, 3PT: 7/13, FT: 18/20
95%
Kobe Bryant2005-06, vs Mavs, 62 Pts in 3 quarters, 61 Pts for the Mavs in these quarters
95%
Wilt Chamberlain1961-62, vs Knicks, 100 Pts, 25 Reb, FG: 36/63, FT: 28/32
90%
Wilt Chamberlain1966-67, vs Bullets, 42 Pts, 30 Reb, 10 Ast, FG: 18/18
90%
Shaquille O'Neal1999-00, vs Clippers, 61 Pts, 23 Rebounds, for his birthday
80%
Stephen Curry2015-16, vs OKC, 46 Pts, 3PT: 12/16, incredible game winner
79%
Larry Bird1984-85, vs Jazz, 30 Pts, 12 Reb, 10 Ast, 9 Stl, in 3 quarters and 33 min
77%
James Harden2017-18, vs Magic, 60 Pts, 10 Reb, 11 Ast, 4 Stl, FG: 19/30
70%
Russell Westbrook2016-17, vs Nuggets, 50 Pts, 16 Reb, 10 Ast, 42th Triple-Double, 3-Pts Game Winner
70%
Karl Malone1989-1990, vs Bucks, 61 Pts, 18 Reb, FG: 21/26 in 33 min. after AC Green is All-Star Starter instead of him
62%
Klay Thompson 2014-15, vs Kings, 52 pts, 3PT 11/15, 37 Pts in 3rd quarter
43%
Bernard King1984-85, with the Knicks vs Nets, 60 Pts, Christmas Game
10%
Nate Thurmond 1974-75, vs Hawks, first game for Chicago, quadruple double 22-14-13-12
9%

Score Distribution

Percentile by Number Answered

Percent of People with Each Score

Your Score History

You have not taken this quiz